[Event "FRA-ch U18 Girls"]
[Site "Nimes"]
[Date "2012.04.21"]
[Round "9"]
[White "Neuhauser, Salome"]
[Black "Afraoui, Solenn"]
[Result "1-0"]
[WhiteElo "2049"]
[BlackElo "1923"]
[PlyCount "77"]
[EventDate "2012.04.14"]
[EventType "swiss"]
[EventRounds "9"]
[EventCountry "FRA"]
[SourceTitle "CBM 148 Extra"]
[Source "ChessBase"]
[SourceDate "2012.06.22"]
[SourceVersion "1"]
[SourceVersionDate "2012.06.22"]
[SourceQuality "1"]

1. e4 c5 2. Nf3 a6 3. c3 Qa5 4. Bc4 e6 5. 0-0 b5 6. Bb3 c4 7. Bc2 d6 8. d3 Nf6 9. dxc4 bxc4 10. Qe2 Be7 11. Qxc4 0-0 12. Re1 Nbd7 13. Nbd2 Bb7 14. Nf1 d5 15. exd5 Bxd5 16. Qe2 Qc7 17. Ne3 Bb7 18. c4 Bd6 19. h3 Rac8 20. b3 Ne5 21. Nxe5 Bxe5 22. Rb1 Qc6 23. Bb2 Bxb2 24. Rxb2 Rfd8 25. Rbb1 Rd4 26. Rbd1 Rh4 27. f3 Qc7 28. Nf1 Rh6 29. Qe5 Qb6+ 30. Qd4 Qa5 31. a4 Rf8 32. Re5 Qb4 33. Ne3 Ba8 34. Rg5 Kh8 35. Ng4 Rh5 36. Nxf6 Rxg5 37. Nxh7 Rg3 38. Qh4 Qc5+ 39. Kh1 1-0